000 00497nam a2200181Ia 4500
005 20250508153343.0
008 008 250505s9999 xx 000 0 eng d
037 _aTextual
040 _aFEDL
_beng
_cFEDL
041 _aeng
_2eng
084 _a374.0954, PAR
_qFEDL
100 _aParulekar R V
_9240522
245 0 _aLiteracy in India
260 _aLondon, UK
_bMacmillan and Co Limited
_c1939
300 _a181p.
942 _cTEXL
_h374.0954, PAR
999 _c1342231
_d1342231